Vice Presidents - Statistics

General Stats
  • This quiz has been taken 22 times
  • The average score is 28 of 52
Answer Stats
Hint Answer % Correct
Bill Clinton Al Gore
93%
Abraham Lincoln Andrew Johnson
93%
Thomas Jefferson George Clinton
93%
James Madison George Clinton
93%
Donald Trump J.D. Vance
93%
George Washington John Adams
93%
Joe Biden Kamala Harris
93%
John F. Kennedy Lyndon B. Johnson
93%
Donald Trump Mike Pence
93%
Martin Van Buren Richard Johnson
93%
Ronald Reagan George H.W. Bush
87%
Franklin D. Roosevelt Harry S. Truman
87%
Barack Obama Joe Biden
87%
William McKinley Theodore Roosevelt
87%
John Adams Thomas Jefferson
87%
Richard Nixon Gerald Ford
80%
Dwight D. Eisenhower Richard Nixon
80%
Warren G. Harding Calvin Coolidge
73%
George W. Bush Dick Cheney
73%
William Henry Harrison John Tyler
73%
Richard Nixon Spiro Agnew
73%
James A. Garfield Chester A. Arthur
67%
George H.W. Bush Dan Quayle
60%
Andrew Jackson Martin Van Buren
60%
Zachary Taylor Millard Fillmore
60%
Thomas Jefferson Aaron Burr
53%
Ulysses S. Grant Henry Wilson
53%
Lyndon B. Johnson Hubert Humphrey
47%
Gerald Ford Nelson Rockefeller
47%
Jimmy Carter Walter Mondale
47%
Abraham Lincoln Hannibal Hamlin
40%
John Quincy Adams John C. Calhoun
40%
Andrew Jackson John C. Calhoun
40%
Franklin D. Roosevelt Henry Wallace
33%
James Madison Elbridge Gerry
27%
Franklin D. Roosevelt John Nance Garner
27%
Grover Cleveland Adlai Stevenson I
20%
Harry S. Truman Alben Barkley
20%
Herbert Hoover Charles Curtis
20%
Ulysses S. Grant Schuyler Colfax
20%
Woodrow Wilson Thomas R. Marshall
20%
Franklin Pierce William R. King
20%
Calvin Coolidge Charles Dawes
13%
Theodore Roosevelt Charles Fairbanks
13%
James Monroe Daniel Tompkins
13%
William McKinley Garret Hobart
13%
James K. Polk George M. Dallas
13%
William Howard Taft James Sherman
13%
James Buchanan John C. Breckenridge
13%
Benjamin Harrison Levi P. Morton
13%
Grover Cleveland Thomas A. Hendricks
13%
Rutherford B. Hayes William A. Wheeler
13%
No matching quizzes found
Score Distribution
Percent of People with Each Score
Percentile by Number Answered
Your Score History
You have not taken this quiz